THE BHARATIYA SAKSHYA ADHINIYAM 2023 (Record no. 34092)

MARC details
000 -LEADER
fixed length control field 00343nam a22001577a 4500
003 - CONTROL NUMBER IDENTIFIER
control field SGT
020 ## - INTERNATIONAL STANDARD BOOK NUMBER
International Standard Book Number 9788197414268
082 ## - DEWEY DECIMAL CLASSIFICATION NUMBER
Classification number 345.06
Item number VIJ
100 ## - MAIN ENTRY--PERSONAL NAME
Personal name VIJAYARAGHAVAN N
245 ## - TITLE STATEMENT
Title THE BHARATIYA SAKSHYA ADHINIYAM 2023
250 ## - EDITION STATEMENT
Edition statement 27
260 ## - PUBLICATION, DISTRIBUTION, ETC. (IMPRINT)
Place of publication, distribution, etc GURUGRAM
Name of publisher, distributor, etc LEXIS NEXIS
Year of Publication 2025
300 ## - PAGE DESCRIPTION
No. of Pages 1059
490 ## - SERIES STATEMENT
Series statement 1-2
942 ## - ADDED ENTRY ELEMENTS (KOHA)
Source of classification or shelving scheme Dewey Decimal Classification
Koha item type Books
Holdings
Withdrawn status Lost status Source of classification or shelving scheme Damaged status Not for loan Collection code Home library Current library Shelving location Date acquired Vendor Name Cost, normal purchase price Volume Information (Serial or Books or Non-Book Material) SGTU Bill Number Total Checkouts Full call number Accession No. (Barcode) Date last seen Bill Date Koha item type
    Dewey Decimal Classification   Not For Loan LAW SGT Science & Social Sciences Library SGT Science & Social Sciences Library Reference Book 16/02/2026 ZAFFA BOOKS 4795.00 1 SGTU ZBD0409   345.06 VIJ FL4049 16/02/2026 30/01/2026 Books
    Dewey Decimal Classification   Not For Loan LAW SGT Science & Social Sciences Library SGT Science & Social Sciences Library Reference Book 16/02/2026 ZAFFA BOOKS 4795.00 1 SGTU ZBD0409   345.06 VIJ FL4050 16/02/2026 30/01/2026 Books
    Dewey Decimal Classification   Not For Loan LAW SGT Science & Social Sciences Library SGT Science & Social Sciences Library Reference Book 16/02/2026 ZAFFA BOOKS 4795.00 2 SGTU ZBD0409   345.06 VIJ FL4051 16/02/2026 30/01/2026 Books
    Dewey Decimal Classification   Not For Loan LAW SGT Science & Social Sciences Library SGT Science & Social Sciences Library Reference Book 16/02/2026 ZAFFA BOOKS 4795.00 2 SGTU ZBD0409   345.06 VIJ FL4052 16/02/2026 30/01/2026 Books